Znalecká činnosť a využitie ohodnocovacích metód v neziskových organizáciách

Charakteristika neziskových organizácií. Znalecká činnosť v neziskových organizáciách. Znalecká činnosť pri založení a zrušení neziskovej organizácie. Výber metódy pri ohodnotení majetku neziskového subjektu.

Gespeichert in:
Bibliographische Detailangaben
1. Verfasser: Majdúchová, Helena, 1963-
Format: Buchkapitel
Sprache:Slowakisch
Schlagworte:
Tags: Tag hinzufügen
Keine Tags, Fügen Sie das erste Tag hinzu!

MARC

LEADER 00000naa$a2200000$$$4500
001 0065234
005 20240502071754.2
041 0 |a slo 
044 |a SK 
245 1 0 |a Znalecká činnosť a využitie ohodnocovacích metód v neziskových organizáciách  |c Helena Majdúchová 
520 |a Charakteristika neziskových organizácií. Znalecká činnosť v neziskových organizáciách. Znalecká činnosť pri založení a zrušení neziskovej organizácie. Výber metódy pri ohodnotení majetku neziskového subjektu. 
610 2 0 |a organizácie neziskové 
610 2 0 |a znalci 
610 2 0 |a založenie podniku 
610 2 0 |a posudky znalecké 
610 2 0 |a majetok 
610 2 0 |a ohodnocovanie podniku 
100 1 |a Majdúchová, Helena, 1963-